000 01689nam0a2200373 4500
001 RU\NLR\bibl\1048478
005 20260407134559.0
035 _a(nilc)EL/0000079193
035 _aRUSMED\0000067208
035 _a(NLR Aleph) 001035810
090 _a787436
_c787436
100 _a20060803d2005 |||y0rusy50 ca
101 0 _arus
102 _aRU
105 _aa z |||||
200 1 _aМетод получения анатомических оттисков для изготовления несъемных зубных протезов
_eпособие для врачей
_fФедер. агентство по здравоохранению и социал. развитию, ФГУ "ЦНИИ стоматологии"
_g[проф. А.Н. Ряховский и др.]
210 _aМосква
_cГЭОТАР-Медиа
_d2005
215 _a6,[1] с.
_cил.
_d21
606 1 _aЗубные протезы несъемные
_jМетодические пособия
_xПроизводство
_xПолучение оттисков
_92461969
_3RU\NLR\auth\661462812
675 _a617.314(072)
_vudc
686 _a76.29.55
_2rugasnti
686 _a76.01.33
_2rugasnti
686 _aE06.912.130
_2MeSH
686 _aE06.780.345.760.433.271
_2MeSH
686 _aE07.695.190.200.220.220
_2MeSH
686 _aР668.620.8я8
702 1 _aРяховский
_bА. Н.
_gАлександр Николаевич
_4220
712 0 2 _4570
_aЦНИИ стоматологии
_cМосква
_3RU\NLR\AUTH\8810002191
_9501580
801 0 _aRU
_bЦНМБ
_c20060803
_gPSBO
801 1 _aRU
_bЦНМБ
_c20060803
801 2 _aRU
_bNLR
_c20070219
_grcr
942 _cBOOK
980 _aNB